Statistiken für Städte der Welt per Emojis #2 – Klicken

Klicken Sie hier um das Quiz zu spielen!

Allgemein

  • Dieses Quiz wurde 107 mal gespielt
  • Das Durchschnittsergebnis liegt bei 13 aus 15

Antwortstatistiken

HintAntwort% Korrekt
🏛️🏺🏛️Athen
100%
🥨🍺🏟️München
100%
🌋🍕🇮🇹Neapel
100%
🗼🥐🥖Paris
100%
🗽🚕🌆New York
99%
🍁🗼🏒Toronto
99%
🕌🛺🇮🇳Neu-Delhi
96%
🌉🚋🧑‍💻San Francisco
96%
🇮🇩💶🚤Monaco
87%
🫔🐲🏙️Shanghai
84%
🧉💃🥩Buenos Aires
83%
🇶🇦🕌👳Doha
81%
👑🐂🥘Madrid
79%
⚽️🧱⛴️Manchester
76%
🐉🏰🇸🇮Ljubljana
62%

Verteilung der Resultate

Perzentil nach korrekt beantworteten Fragen

Anzahl Personen mit jedem Resultat

Ihre Resultats-Entwicklung

Sie haben dieses Quiz noch nicht gespielt